[Event "Stay Safe Play From Home 140"]
[Site "T#645950Emanuel Laske"]
[Date "2020.05.11"]
[Round "6"]
[White "Emresenar"]
[Black "Fischer_11"]
[Result "1-0"]
[WhiteElo "1646"]
[BlackElo "1935"]
[Annotator "TA"]
[PlyCount "123"]
[EventDate "2020.05.11"]
[EventType "swiss (blitz)"]

{[%evp 9,122,0,18,-3,0,-12,10,-21,0,-25,42,38,135,77,83,68,202,165,167,8,0,11,121,100,142,136,150,116,122,121,175,122,174,176,401,409,417,439,410,338,340,335,340,335,331,330,539,525,515,498,506,498,494,484,504,497,513,483,599,592,631,617,941,900,851,843,916,905,1333,704,866,859,833,822,1488,1488,1354,936,929,922,922,919,871,849,820,768,29953,1014,6266,6122,4683,4602,2649,2322,29981,29982,29983,29982,29984,29973,29985,29984,29983,4574,29988,29989,29989,29989,29991,29991,29991,29992,29994,29995,29999]} 1. g3 Nf6 2. Bg2 g6 3. b3 Bg7 4. Bb2 O-O 5. e3 d6 6. Ne2 {A01: Nimzowitsch-Larsen Opening.} e5 7. d3 Nc6 8. Nd2 {The position is equal.} Bg4 {[#]} 9. c4 $146 ({Predecessor:} 9. h3 Be6 10. O-O Qd7 11. Kh2 a5 12. a3 h6 13. Qc1 Nh7 {½-½ (13) Heimrath,W (2125)-Wuerl,R (2055) Bayern 1995}) 9... Bxe2 (9... d5 $11) 10. Qxe2 $14 e4 (10... a5 $14) 11. d4 (11. Nxe4 $142 Nxe4 12. Bxe4 (12. dxe4 Bxb2 13. Qxb2 Qe8 $16)) 11... d5 12. cxd5 Nxd5 (12... Qxd5 $14 13. Rc1 Rfe8) 13. Bxe4 Re8 14. Bxd5 $2 (14. O-O $18) 14... Qxd5 $11 15. O-O h5 (15... Nxd4 $1 $11 {keeps the balance.} 16. Qc4 Qxc4 17. Nxc4 Nc6) 16. Qf3 {White now steadily converts the win.} Qa5 17. Nc4 $36 {[%mdl 2048] Black is under strong pressure.} Qg5 18. Qf4 Qxf4 19. gxf4 b5 (19... Rad8 $16 20. Ba3 Bf6) 20. Na3 (20. Ne5 $18 Nb4 21. Bc3) 20... Nb4 (20... a6 $16 {might work better.}) 21. Nxb5 $18 c5 $2 (21... Rab8) 22. Nc7 Rac8 23. Nxe8 Rxe8 24. a3 Nd3 25. Bc3 cxd4 26. Bxd4 Bxd4 27. exd4 {[%mdl 4096] Endgame KRR-KRN} Re4 $2 (27... Nxf4 28. Rad1 Rd8) 28. Rad1 Nxf4 29. d5 Re7 30. d6 Rd7 31. Rfe1 Ne6 32. b4 Kg7 33. a4 {[%cal Ba3a4,Ba4a5,Ba5b6][%mdl 32]} Kf6 34. b5 g5 35. a5 Nc5 36. b6 axb6 37. axb6 Nb7 38. Re3 Nxd6 {[#]} 39. Red3 $1 Ke6 {[#]} 40. b7 $1 {[%mdl 64] Deflection} Rxb7 (40... Nxb7 41. Rxd7) 41. Rxd6+ Kf5 42. R1d5+ Kg4 43. Rd4+ Kf5 44. Kg2 f6 45. R4d5+ Kg6 46. Rc5 Rf7 47. Rcc6 h4 48. Kh3 (48. Kf3 $142 Rf8 49. Kg4 h3 50. Kxh3 Kf5 51. Kg3 Kg6 52. Kg4 Rf7 53. Rc5) 48... Kg7 49. f3 Kg6 50. Kg4 h3 51. Kxh3 Rh7+ 52. Kg3 Rf7 53. h3 Rf8 54. f4 Rf7 55. fxg5 Kxg5 56. h4+ (56. Rd5+ $142 Kg6 57. h4 Kh6 58. Kf4 Kg7 59. Kf5 Ra7 60. Rxf6 Kg8 61. Rfd6) 56... Kg6 57. Kf4 {White mates.} Kg7 58. h5 Kg8 59. Kf5 Ra7 60. Rxf6 Ra5+ 61. Kg6 {[%cal Rc6c8]} Ra7 62. Rc8# {Accuracy: White = 63%, Black = 31%.} 1-0

[Event "Stay Safe Play From Home 140"]
[Site "T#645950Emanuel Laske"]
[Date "2020.05.11"]
[Round "6"]
[White "Trotsky"]
[Black "Nagaram"]
[Result "0-1"]
[WhiteElo "1630"]
[BlackElo "1484"]
[Annotator "NA RC"]
[PlyCount "78"]
[EventDate "2020.05.11"]
[EventType "swiss (blitz)"]

1. d4 {[%emt 0:00:01]} e6 {[%emt 0:00:01]} 2. e3 {[%emt 0:00:00]} d5 {[%emt 0:00:01]} 3. c4 {[%emt 0:00:01]} Bb4+ {[%emt 0:00:01]} 4. Nc3 {[%emt 0:00:01]} Bxc3+ {[%emt 0:00:01]} 5. bxc3 {[%emt 0:00:01]} Nf6 {[%emt 0:00:00]} 6. Nf3 {[%emt 0:00:01]} Ne4 {[%emt 0:00:02]} 7. Qc2 {[%emt 0:00:03]} O-O {[%emt 0:00:02]} 8. c5 {[%emt 0:00:00]} b6 {[%emt 0:00:01]} 9. Bd3 {[%emt 0:00:01]} f5 {[%emt 0:00:03]} 10. h4 {[%emt 0:00:01]} bxc5 {[%emt 0:00:01]} 11. g4 {[%emt 0:00:01]} fxg4 {[%emt 0:00:03]} 12. Ng5 {[%emt 0:00:01]} h6 {[%emt 0:00:01]} 13. Bd2 {[%emt 0:00:02]} hxg5 {[%emt 0:00:04]} 14. Bxe4 {[%emt 0:00:02]} dxe4 {[%emt 0:00:02]} 15. Qxe4 {[%emt 0:00:01]} gxh4 {[%emt 0:00:01]} 16. O-O-O {[%emt 0:00:02]} Qf6 {[%emt 0:00:01]} 17. Qd3 {[%emt 0:00:04]} Nc6 {[%emt 0:00:01]} 18. f3 {[%emt 0:00:02]} gxf3 {[%emt 0:00:02]} 19. Rdg1 {[%emt 0:00:03]} Bb7 {[%emt 0:00:02]} 20. e4 {[%emt 0:00:01]} f2 {[%emt 0:00:01]} 21. Rf1 {[%emt 0:00:02]} cxd4 {[%emt 0:00:01]} 22. c4 {[%emt 0:00:01]} Nb4 {[%emt 0:00:03]} 23. Bxb4 {[%emt 0:00:02]} Rfd8 {[%emt 0:00:01]} 24. Bd2 {[%emt 0:00:02]} a5 {[%emt 0:00:01]} 25. Rh2 {[%emt 0:00:02]} e5 {[%emt 0:00:01]} 26. Rhxf2 {[%emt 0:00:01]} Qg6 {[%emt 0:00:02]} 27. Qe2 {[%emt 0:00:04]} Qxe4 {[%emt 0:00:02]} 28. Qh5 {[%emt 0:00:03]} Qh7 {[%emt 0:00:02]} 29. Qg5 {[%emt 0:00:02]} Qh6 {[%emt 0:00:02]} 30. Qxe5 {[%emt 0:00:01]} Re8 {[%emt 0:00:04]} 31. Qxd4 {[%emt 0:00:01]} Qd6 {[%emt 0:00:02]} 32. Qc3 {[%emt 0:00:01]} Bc6 {[%emt 0:00:01]} 33. Rg1 {[%emt 0:00:01]} Re7 {[%emt 0:00:02]} 34. Qh3 {[%emt 0:00:01]} Qxd2+ {[%emt 0:00:01]} 35. Kxd2 {[%emt 0:00:01]} Rd8+ {[%emt 0:00:00]} 36. Kc2 {[%emt 0:00:02]} Ba4+ {[%emt 0:00:00]} 37. Kb2 {[%emt 0:00:01]} Rd2+ {[%emt 0:00:02]} 38. Ka1 {[%emt 0:00:01]} Rd1+ {[%emt 0:00:01]} 39. Rxd1 {[%emt 0:00:01]} Bxd1 {[%emt 0:00:00] Âðåìÿ (Lag: Av=0.63s, max=1.1s)} 0-1

[Event "Stay Safe Play From Home 140"]
[Site "T#645950Emanuel Laske"]
[Date "2020.05.11"]
[Round "6"]
[White "matanant"]
[Black "Pokerpapi"]
[Result "1-0"]
[WhiteElo "1601"]
[BlackElo "1455"]
[Annotator "NA RC"]
[PlyCount "63"]
[EventDate "2020.05.11"]
[EventType "swiss (blitz)"]

1. b3 {[%emt 0:00:01]} e5 {[%emt 0:00:00]} 2. Bb2 {[%emt 0:00:00]} d6 {[%emt 0:00:00]} 3. e3 {[%emt 0:00:00]} Nc6 {[%emt 0:00:00]} 4. d4 {[%emt 0:00:00]} e4 {[%emt 0:00:03]} 5. d5 {[%emt 0:00:01]} Nce7 {[%emt 0:00:02]} 6. c4 {[%emt 0:00:00]} Bd7 {[%emt 0:00:02]} 7. Ne2 {[%emt 0:00:00]} Nc8 {[%emt 0:00:01]} 8. Nd4 {[%emt 0:00:00]} f6 {[%emt 0:00:02]} 9. Be2 {[%emt 0:00:01]} Nge7 {[%emt 0:00:01]} 10. O-O {[%emt 0:00:01]} Ng6 {[%emt 0:00:01]} 11. Nc3 {[%emt 0:00:01]} Be7 {[%emt 0:00:01]} 12. Nxe4 {[%emt 0:00:02]} Nb6 {[%emt 0:00:02]} 13. Ng3 {[%emt 0:00:02]} a6 {[%emt 0:00:01]} 14. Ndf5 {[%emt 0:00:01]} Bf8 {[%emt 0:00:05]} 15. f4 {[%emt 0:00:08]} Bxf5 {[%emt 0:00:04]} 16. Nxf5 {[%emt 0:00:01]} Qd7 {[%emt 0:00:03]} 17. e4 {[%emt 0:00:01]} O-O-O {[%emt 0:00:02]} 18. Bg4 {[%emt 0:00:01]} Kb8 {[%emt 0:00:02]} 19. Nd4 {[%emt 0:00:06]} Qf7 {[%emt 0:00:03]} 20. Ne6 {[%emt 0:00:01]} Re8 {[%emt 0:00:03]} 21. g3 {[%emt 0:00:02]} h5 {[%emt 0:00:02]} 22. Bf5 {[%emt 0:00:02]} Rh6 {[%emt 0:00:03]} 23. Qd3 {[%emt 0:00:02]} Nh4 {[%emt 0:00:02]} 24. gxh4 {[%emt 0:00:02]} Be7 {[%emt 0:00:01]} 25. Kh1 {[%emt 0:00:03]} g6 {[%emt 0:00:01]} 26. Bh3 {[%emt 0:00:03]} g5 {[%emt 0:00:01]} 27. hxg5 {[%emt 0:00:03]} fxg5 {[%emt 0:00:00]} 28. fxg5 {[%emt 0:00:03]} Qg6 {[%emt 0:00:05]} 29. gxh6 {[%emt 0:00:00]} Rg8 {[%emt 0:00:03]} 30. Bc1 {[%emt 0:00:00]} Qg4 {[%emt 0:00:03]} 31. Bxg4 {[%emt 0:00:01]} hxg4 {[%emt 0:00:01]} 32. Rg1 {[%emt 0:00:00] Zeit (Lag: Av=0.65s, max=1.3s)} 1-0

[Event "Stay Safe Play From Home 140"]
[Site "T#645950Emanuel Laske"]
[Date "2020.05.11"]
[Round "7"]
[White "Shatarchin7"]
[Black "Chase the sun"]
[Result "1-0"]
[WhiteElo "2256"]
[BlackElo "1816"]
[Annotator "TA"]
[PlyCount "65"]
[EventDate "2020.05.11"]
[EventType "swiss (blitz)"]

{[%evp 9,65,18,21,20,24,18,35,37,79,73,68,59,87,45,104,100,97,-63,-68,-54,-57,-66,-18,-129,-126,-150,-145,-177,-101,-95,-95,-153,-118,-125,-50,-65,-50,-331,-139,-145,-27,-35,-20,-81,-64,-163,-122,-200,-187,-281,-234,-241,0,-268,-203,-387,-193,-342]} 1. Nf3 e6 2. e3 f5 3. c4 Nf6 4. d4 Bb4+ 5. Bd2 Bxd2+ 6. Nbxd2 {A84: Dutch Defence: 2 c4 Miscellaneous.} O-O 7. Bd3 d6 8. O-O {[#] White is slightly better.} Qe8 $146 ({Predecessor:} 8... Nc6 9. Re1 e5 10. d5 Nb4 11. Bc2 Bd7 12. a3 Nxc2 13. Qxc2 e4 14. Nd4 Ng4 {0-1 (26) Garcia,J (747)-Van Bommel,T (1940) LSS email 2014}) 9. e4 fxe4 10. Nxe4 Nc6 11. Qc2 g6 (11... Qh5 $14) 12. Nxf6+ $16 Rxf6 13. Rfe1 $2 (13. Be4 $16) 13... Rxf3 $1 $15 {[%mdl 64] Remove Defender} 14. gxf3 Nxd4 {[%mdl 64] Double Attack} 15. Qd1 Qf7 {[%mdl 1024] Black has compensation.} 16. Re3 (16. Be4 $11 Qf6 17. f4) 16... e5 $17 17. Be4 c6 ({Don't play} 17... Qxc4 18. f4 $1 $15 {[%mdl 512]}) 18. b3 Bh3 (18... Be6 $19 19. Rc1 Rf8) 19. Kh1 Rf8 20. Rc1 (20. Qg1 $142) 20... Qf4 21. Qg1 Bf5 (21... Qh6 $17 22. Rce1 Rf4) 22. Qg3 $15 Qh6 23. Bxf5 $4 {[%mdl 8192]} (23. Rd1 $15) 23... Rxf5 (23... Nxf5 $19 {is more deadly.} 24. Qg4 Nxe3 25. fxe3 Qxe3 {[%mdl 64] Double Attack} 26. Qe6+ {[#]} Kg7 $1 {[%mdl 512]}) 24. Rg1 $17 Qh5 ({Black should play} 24... Rf4 $17 25. Rd3 Rh4) 25. Qg4 $11 Qxg4 26. fxg4 (26. Rxg4 $11 Kf7 27. Rd3) 26... Rxf2 $15 {[%mdl 4096] Endgame KRR-KRN} 27. Rd1 (27. Rgg3 $15) 27... Rxa2 28. h3 (28. Rf1 $17) 28... Rb2 29. Rdd3 (29. Rf1 $142) 29... Rb1+ 30. Kg2 Rb2+ $2 (30... Kf7 $19 {White must now prevent ...Rb2+.} 31. Rd2 a5) 31. Kg3 $2 {[%mdl 8192]} (31. Kh1 $1 $11 {and White has nothing to worry.} Nf3 32. Rxf3) 31... Rc2 32. g5 $2 (32. Rd1) 32... Kg7 (32... Kf7 $142 {...Nf5+ is the strong threat.} 33. Re1 Nf5+ 34. Kg4 Rf2) 33. Re4 {[%mdl 32768] Accuracy: White = 32%, Black = 44%. . Loss on time!?} (33. Rxd4 {is the only way for White.} exd4 34. Re7+ Kf8 35. Rxb7) 1-0

[Event "Stay Safe Play From Home 140"]
[Site "T#645950Emanuel Laske"]
[Date "2020.05.11"]
[Round "7"]
[White "SoulofWolf"]
[Black "Onlyforchess"]
[Result "0-1"]
[WhiteElo "2187"]
[BlackElo "2558"]
[Annotator "TA"]
[PlyCount "36"]
[EventDate "2020.05.11"]
[EventType "swiss (blitz)"]

{[%evp 9,36,-24,-27,-47,-28,-54,-48,-46,-27,-72,-59,-139,-132,-246,-217,-348,-341,-281,-295,-308,-62,-64,-61,-663,-661,-642,-626,-2175,-2099]} 1. d4 c5 2. Nf3 cxd4 3. Nxd4 d5 4. Nf3 Nc6 5. e3 e5 6. Be2 {A43: Schmid Benoni.} Nf6 7. c4 {[#]} d4 $146 ({Predecessor:} 7... Bb4+ 8. Bd2 Bxd2+ 9. Qxd2 O-O 10. cxd5 Nxd5 11. Nc3 Nxc3 12. Qxc3 e4 13. Rd1 Qe7 14. Nd4 Qg5 15. Nxc6 bxc6 {½-½ (28) Guliev,S (2537)-Khairullin,I (2451) Moscow 2004}) 8. exd4 $1 {Black is slightly better.} e4 9. Ne5 Nxd4 {And now ...Qa5+ would win.} 10. O-O ({White should try} 10. Nc3 $15) 10... Bc5 $17 11. h3 (11. Bg4 $17 {might work better.}) 11... Qe7 $19 12. Ng4 (12. Bf4 $142) 12... Bxg4 $1 13. hxg4 {[#]} h5 $1 {[%mdl 512]} 14. g5 {[#]} (14. gxh5 Nxh5) 14... Nxe2+ $2 (14... Ng4 $1 $19 {[%mdl 512]} 15. Bf4 (15. Bxg4 hxg4) 15... e3) 15. Qxe2 $15 Ng4 $36 {[%mdl 2048] Threatens to win with ...Qe5! Black has good play.} 16. Be3 $2 {[%mdl 8192] [#]} (16. Nc3 $15 e3 17. Bxe3 Bxe3 18. fxe3) 16... Qe5 $1 $19 {[%csl Gg4][%cal Re5h2][%mdl 512] Black is clearly winning.} 17. g3 Bxe3 18. Qxe3 Nxe3 {Accuracy: White = 30%, Black = 81%.} 0-1

[Event "Stay Safe Play From Home 140"]
[Site "T#645950Emanuel Laske"]
[Date "2020.05.11"]
[Round "7"]
[White "Little champs"]
[Black "Mepe_Nika"]
[Result "0-1"]
[WhiteElo "2180"]
[BlackElo "2420"]
[Annotator "TA"]
[PlyCount "68"]
[EventDate "2020.05.11"]
[EventType "swiss (blitz)"]

{[%evp 9,67,12,14,13,16,0,0,-1,-2,-40,-19,-30,-33,-55,-39,-39,-24,-30,-22,-32,-32,-108,-85,-171,48,48,47,29,48,-128,-116,-829,-224,-200,71,48,79,43,72,-25,-18,-139,-92,-97,-112,-166,-35,-152,-162,-252,-251,-257,-243,-240,-251,-1014,-908,-29995,-29996,-29999]} 1. d4 d5 2. e3 c6 3. Nf3 Nf6 4. Be2 Bg4 5. O-O e6 6. h3 {D04: Colle System.} Bh5 7. Ne5 Bxe2 8. Qxe2 {The position is equal.} Nbd7 {[#]} 9. f4 $146 ({Predecessor:} 9. Nd2 Be7 10. c3 O-O 11. Nxd7 Qxd7 12. e4 dxe4 13. Nxe4 Nxe4 14. Qxe4 Qd5 15. Re1 {½-½ (22) Fries Nielsen,N (2393)-Fagerstrom,B (2132) Denmark 2009}) 9... Nxe5 (9... Ne4 {is interesting.} 10. Qd3 Be7 11. c4 Ndf6 12. Bd2 O-O) 10. dxe5 Ne4 {Strongly threatening ...Ng3.} 11. Rf3 Bc5 12. Nd2 O-O 13. Nxe4 dxe4 14. Rf1 Qb6 15. Bd2 (15. a3 $15) 15... Qxb2 16. Kh1 (16. Qc4 $17 Qa3 17. Qxe4) 16... Qxc2 $2 (16... Rfd8 $19 17. Rfc1 Qb5) 17. Rac1 $14 Qxa2 {Hoping for ...Rfd8.} 18. Rxc5 Rfd8 19. Rd1 $2 {[#]} (19. Rf2 $1 $14 {is the one way to stay ahead.}) 19... Rd3 $1 $17 20. Rc3 $2 {[%mdl 8192]} (20. Ra5 $17 Qc2 21. Raa1) 20... Rad8 $2 (20... Rxc3 21. Qe1 Rd3) 21. Rxd3 $19 exd3 $2 {[#]} ({Black should play} 21... Rxd3 $19 22. Kg1 a5) 22. Qe1 $1 $36 {[%mdl 2048] White has good play.} c5 23. Rb1 (23. Ra1 $5 {[%cal Ra1a2]} Qd5 24. Rxa7 $16) 23... b6 24. Rc1 (24. Ra1 $16 Qc4 25. Rxa7) 24... Qd5 25. f5 (25. Qd1 $11 {keeps the balance.}) 25... Qxe5 26. fxe6 Qxe6 27. e4 (27. Qh4 $17 Rc8 28. Qa4) 27... Re8 (27... a5 $19 28. Ra1 f6) 28. Rc3 ({Better is} 28. Qg3 $15) 28... c4 $17 29. Qc1 (29. Qa1 $142) 29... b5 $19 ({Inferior is} 29... Qxe4 30. Rxc4 Qe2 31. Bc3 $14) 30. Ra3 Qxe4 {...Qd5 is the strong threat.} 31. Rxa7 h6 {White must now prevent ...Qd5.} 32. Ra5 $2 (32. Qa3) 32... Qd5 33. Qc3 Re2 {[%csl Ge2][%cal Rd5g2]} 34. Bf4 Qxg2# {Accuracy: White = 31%, Black = 58%.} 0-1

[Event "Stay Safe Play From Home 140"]
[Site "T#645950Emanuel Laske"]
[Date "2020.05.11"]
[Round "7"]
[White "Lazieri3"]
[Black "Emresenar"]
[Result "1-0"]
[WhiteElo "2082"]
[BlackElo "1674"]
[Annotator "TA"]
[PlyCount "41"]
[EventDate "2020.05.11"]
[EventType "swiss (blitz)"]

{[%evp 9,40,49,57,39,95,77,140,139,268,263,232,257,235,133,1104,289,308,0,316,322,1419,1435,29992,29993,29993,29994,29994,29995,29995,29996,29997,29998,29999]} 1. e4 b6 2. Nc3 Bb7 3. d4 g6 4. Nf3 Bg7 5. Be3 e6 6. Qd2 {B00: Queen's Fianchetto Defence, Nimzowitsch Defence.} Ne7 (6... d6 $14) 7. Bh6 $16 O-O ({Black should try} 7... Bxh6 8. Qxh6 Ng8) 8. h4 {[#] White is clearly better.} ({Don't take} 8. Bxg7 $6 Kxg7 9. Bd3 d5 $14) 8... f5 $146 (8... Bxh6 $16 9. Qxh6 f6) ({Predecessor:} 8... Bxh6 9. Qxh6 f6 10. O-O-O a6 11. d5 exd5 12. exd5 b5 13. a3 Qe8 14. Qf4 d6 {½-½ (30) Popov,V (2135)-Kachura,S Riazan 2010}) 9. h5 fxe4 {And now ...Bxh6 would win.} 10. hxg6 Nxg6 {[#]} 11. Bxg7 ({White should play} 11. Ng5 $1 $18) 11... exf3 $4 {[%mdl 8192]} (11... Rf7 $16) 12. Bxf8 $2 (12. Qh6 Kf7 13. Qxh7) 12... fxg2 $18 13. Qh6 $2 ({Only move:} 13. Bxg2 $18 Bxg2 {[#]} 14. Qh6 $1 {[%mdl 512]} Nxf8 15. Rg1) 13... Nxf8 $4 {[%mdl 8192]} (13... gxf1=R+ $11 {and Black has nothing to worry.} 14. Kxf1 Nxf8 15. Rg1+ Ng6 16. Rxg6+ hxg6 17. Qxg6+ Kf8 18. Qh6+ Kf7 19. Qh7+ Kf8 20. Qh8+ Ke7 21. Qh4+ Ke8 22. Qh8+ Ke7 23. Qh4+ Ke8 24. Qh8+ Ke7) 14. Rg1 Kh8 $2 (14... Ng6) 15. Bxg2 Bxg2 16. Rxg2 {[%csl Gg2][%cal Rh6g7] White mates.} Qe7 17. O-O-O Nc6 18. Rdg1 {[%csl Gg1][%cal Rg2g8]} Ng6 19. Rxg6 Rf8 20. Rg7 {[%csl Gg7][%cal Rh6h7][%mdl 64] Double Attack} Rf6 21. Qxh7# {Accuracy: White = 64%, Black = 25%.} 1-0

[Event "Stay Safe Play From Home 140"]
[Site "T#645950Emanuel Laske"]
[Date "2020.05.11"]
[Round "7"]
[White "KLIND"]
[Black "Lamborghini"]
[Result "1-0"]
[WhiteElo "1943"]
[BlackElo "2276"]
[Annotator "TA"]
[PlyCount "29"]
[EventDate "2020.05.11"]
[EventType "swiss (blitz)"]

{[%evp 9,28,-611,1198,1203,1874,1633,29996,29997,29997,29998,29998,29995,29995,2170,29998,29997,29997,29996,29997,29998,29999]} 1. e4 g6 2. Nf3 Bg7 3. Nc3 c5 4. d4 cxd4 {[#]} 5. Qxd4 $146 ({Predecessor:} 5. Nxd4 Nc6 6. Be3 Nf6 7. Bc4 O-O 8. Bb3 d6 9. f3 Qa5 10. Qd2 Nxd4 11. Bxd4 Be6 12. O-O Nd7 13. Bxg7 Kxg7 14. Kh1 Rac8 15. f4 Nf6 16. Rae1 Rfd8 17. Qe2 Qh5 18. Qf2 Rc5 19. Bxe6 fxe6 20. e5 {½-½ (29) Dubov,D (2703)-Zvjaginsev,V (2644) Sochi 2018}) 5... d6 $4 {[%mdl 8192]} (5... Bxd4 $19 6. Nxd4 Nc6) 6. Qxg7 $18 {B27: Sicilian: 2 Nf3, unusual Black 2nd moves.} Nd7 7. Qxh8 {[#] Intending Bb5! and mate.} Kf8 8. Bh6+ Ke8 9. Qxg8+ Nf8 10. Qxf8+ Kd7 11. Qxd8+ (11. Bb5+ $142 Kc7 12. Nd5+ {[%mdl 64] Double Attack} Kb8 13. Qxd8 a6 14. Qc7+ Ka7 15. Be3#) 11... Kc6 12. O-O-O {White mates.} Bh3 13. Qxa8 Kb6 14. Nd5+ {[%mdl 64] [#] Double Attack} Ka5 15. Qxa7# {Black did not feel at home in the position after the opening.} 1-0

[Event "Stay Safe Play From Home 140"]
[Site "T#645950Emanuel Laske"]
[Date "2020.05.11"]
[Round "7"]
[White "Chesspugnator"]
[Black "Nagaram"]
[Result "1-0"]
[WhiteElo "1866"]
[BlackElo "1508"]
[Annotator "NA RC"]
[PlyCount "139"]
[EventDate "2020.05.11"]
[EventType "swiss (blitz)"]

1. b3 {[%emt 0:00:03]} e5 {[%emt 0:00:01]} 2. Bb2 {[%emt 0:00:00]} Nc6 {[%emt 0:00:01]} 3. g3 {[%emt 0:00:00]} d5 {[%emt 0:00:01]} 4. Bg2 {[%emt 0:00:00]} Nf6 {[%emt 0:00:00]} 5. e3 {[%emt 0:00:00]} Bf5 {[%emt 0:00:00]} 6. Ne2 {[%emt 0:00:00]} Bc5 {[%emt 0:00:01]} 7. d3 {[%emt 0:00:00]} Bg4 {[%emt 0:00:01]} 8. Nd2 {[%emt 0:00:00]} Bxe2 {[%emt 0:00:01]} 9. Qxe2 {[%emt 0:00:00]} O-O {[%emt 0:00:02]} 10. O-O {[%emt 0:00:02]} Re8 {[%emt 0:00:04]} 11. a3 {[%emt 0:00:01]} e4 {[%emt 0:00:00]} 12. dxe4 {[%emt 0:00:02]} dxe4 {[%emt 0:00:00]} 13. Rad1 {[%emt 0:00:04]} Qe7 {[%emt 0:00:02]} 14. b4 {[%emt 0:00:01]} Bb6 {[%emt 0:00:02]} 15. c4 {[%emt 0:00:00]} a5 {[%emt 0:00:01]} 16. c5 {[%emt 0:00:01]} Ba7 {[%emt 0:00:03]} 17. Bxf6 {[%emt 0:00:00]} Qxf6 {[%emt 0:00:01]} 18. Nxe4 {[%emt 0:00:00]} Qe7 {[%emt 0:00:04]} 19. Qc4 {[%emt 0:00:05]} axb4 {[%emt 0:00:01]} 20. axb4 {[%emt 0:00:00]} Rab8 {[%emt 0:00:02]} 21. b5 {[%emt 0:00:02]} Ne5 {[%emt 0:00:01]} 22. Qc3 {[%emt 0:00:02]} f5 {[%emt 0:00:01]} 23. Nd2 {[%emt 0:00:04]} Bxc5 {[%emt 0:00:00]} 24. Nb3 {[%emt 0:00:01]} Bb4 {[%emt 0:00:01]} 25. Qc2 {[%emt 0:00:02]} Rbc8 {[%emt 0:00:01]} 26. Rd5 {[%emt 0:00:02]} Bd6 {[%emt 0:00:02]} 27. Rfd1 {[%emt 0:00:01]} Kh8 {[%emt 0:00:02]} 28. Nc5 {[%emt 0:00:02]} Bxc5 {[%emt 0:00:01]} 29. Qxc5 {[%emt 0:00:00]} Qxc5 {[%emt 0:00:01]} 30. Rxc5 {[%emt 0:00:00]} c6 {[%emt 0:00:01]} 31. Rdc1 {[%emt 0:00:02]} h6 {[%emt 0:00:03]} 32. bxc6 {[%emt 0:00:01]} bxc6 {[%emt 0:00:00]} 33. Bxc6 {[%emt 0:00:03]} Nxc6 {[%emt 0:00:00]} 34. Rxc6 {[%emt 0:00:01]} Rxc6 {[%emt 0:00:02]} 35. Rxc6 {[%emt 0:00:00]} Rd8 {[%emt 0:00:01]} 36. Kg2 {[%emt 0:00:00]} g6 {[%emt 0:00:01]} 37. Kf3 {[%emt 0:00:01]} Kh7 {[%emt 0:00:00]} 38. h4 {[%emt 0:00:02]} Re8 {[%emt 0:00:00]} 39. h5 {[%emt 0:00:00]} Re4 {[%emt 0:00:00]} 40. Rxg6 {[%emt 0:00:01]} Re7 {[%emt 0:00:03]} 41. Rb6 {[%emt 0:00:00]} Rd7 {[%emt 0:00:01]} 42. Kf4 {[%emt 0:00:00]} Rc7 {[%emt 0:00:00]} 43. Kxf5 {[%emt 0:00:00]} Rf7+ {[%emt 0:00:00]} 44. Ke6 {[%emt 0:00:02]} Rf8 {[%emt 0:00:00]} 45. e4 {[%emt 0:00:00]} Rxf2 {[%emt 0:00:01]} 46. e5 {[%emt 0:00:00]} Re2 {[%emt 0:00:00]} 47. Kd7 {[%emt 0:00:00]} Rxe5 {[%emt 0:00:00]} 48. Re6 {[%emt 0:00:01]} Rd5+ {[%emt 0:00:01]} 49. Rd6 {[%emt 0:00:01]} Rxd6+ {[%emt 0:00:01]} 50. Kxd6 {[%emt 0:00:00]} Kg7 {[%emt 0:00:00]} 51. Ke5 {[%emt 0:00:00]} Kg8 {[%emt 0:00:01]} 52. Kf5 {[%emt 0:00:00]} Kh7 {[%emt 0:00:00]} 53. Kf6 {[%emt 0:00:01]} Kh8 {[%emt 0:00:01]} 54. Kg6 {[%emt 0:00:00]} Kg8 {[%emt 0:00:00]} 55. Kxh6 {[%emt 0:00:00]} Kh8 {[%emt 0:00:00]} 56. g4 {[%emt 0:00:00]} Kg8 {[%emt 0:00:00]} 57. g5 {[%emt 0:00:00]} Kh8 {[%emt 0:00:00]} 58. g6 {[%emt 0:00:00]} Kg8 {[%emt 0:00:00]} 59. Kg5 {[%emt 0:00:00]} Kh8 {[%emt 0:00:00]} 60. h6 {[%emt 0:00:00]} Kg8 {[%emt 0:00:01]} 61. h7+ {[%emt 0:00:00]} Kg7 {[%emt 0:00:01]} 62. Kf5 {[%emt 0:00:00]} Kf8 {[%emt 0:00:00]} 63. Kf6 {[%emt 0:00:01]} Ke8 {[%emt 0:00:01]} 64. h8=Q+ {[%emt 0:00:00]} Kd7 {[%emt 0:00:00]} 65. Qh5 {[%emt 0:00:00]} Kd6 {[%emt 0:00:00]} 66. Qe5+ {[%emt 0:00:00]} Kc6 {[%emt 0:00:00]} 67. g7 {[%emt 0:00:00]} Kb6 {[%emt 0:00:00]} 68. g8=Q {[%emt 0:00:00]} Kc6 {[%emt 0:00:00]} 69. Qc4+ {[%emt 0:00:00]} Kb6 {[%emt 0:00:00]} 70. Qee6+ {[%emt 0:00:00] Time (Lag: Av=1.17s, max=1.9s)} 1-0